00647nam a2200193 i 4500001000700000003000900007005001700016007000300033008004100036110004500077245014600122250001300268260003000281300003000311504002800341650001400369700003900383852003100422110515ES-MaACL20230906185055.0t|061121s1980 sp r ||||1| spa d2 aFrancia. bOffice National de la Chasse.10aCría de la perdiz gris (Perdix perdix) y de la perdiz roja (Alectoris rufa) / ctraducción del francés por G. Díaz Rodríguez-Ponga. a2ª. ed. aMadrid : bMundi, c1980. a137 p. : bil. ; c22 cm. aBibliografía: p. 131. 4aPerdices.1 aDíaz Rodríguez-Ponga, Gonzalo. aES-MaACLjL-942 bR.101924